[Event "Pardubice rapid op 35th"]
[Site "Pardubice"]
[Date "2024.07.18"]
[Round "6"]
[White "Abdulov, Orkhan Javanshir"]
[Black "Bures, Jaroslav"]
[Result "1-0"]
[WhiteElo "2382"]
[BlackElo "2418"]
[PlyCount "133"]
[EventDate "2024.07.17"]
[EventType "swiss (rapid)"]
[EventRounds "9"]
[EventCountry "CZE"]
[SourceTitle "CBM 221 Extra"]
[Source "ChessBase"]
[SourceDate "2024.09.30"]
[SourceVersion "1"]
[SourceVersionDate "2024.09.30"]
[SourceQuality "1"]

1. e4 c6 2. d4 d5 3. Nc3 dxe4 4. Nxe4 Bf5 5. Ng3 Bg6 6. h4 h6 7. Nf3 Nd7 8. Bd3 Bxd3 9. Qxd3 e6 10. Bd2 Ngf6 11. Qe2 c5 12. 0-0-0 cxd4 13. Nxd4 Qb6 14. Ndf5 0-0-0 15. Be3 Qa5 16. Qc4+ Qc7 17. Qxc7+ Kxc7 18. Bf4+ e5 19. Bd2 g6 20. Ne3 Bc5 21. f3 Nb6 22. Ne4 Nxe4 23. fxe4 Rd7 24. Ng4 Nc4 25. Bc3 Bd4 26. Bxd4 Rxd4 27. Rxd4 exd4 28. Rd1 h5 29. Rxd4 hxg4 30. Rxc4+ Kd7 31. g3 g5 32. hxg5 Rh3 33. Rc3 Ke6 34. Kd2 Ke5 35. Rc7 Ke6 36. Ke3 Rxg3+ 37. Kf4 Rg2 38. Rxb7 Rxc2 39. Kxg4 a5 40. Kf4 Rf2+ 41. Ke3 Rg2 42. Rb6+ Ke7 43. Rb5 a4 44. a3 Kf8 45. Kd4 Kg7 46. Kc3 Kg6 47. Ra5 Rg3+ 48. Kc4 Rb3 49. Rb5 Re3 50. Kd4 Rg3 51. Rb4 Rg2 52. Kc3 Rg3+ 53. Kc4 Rg2 54. Kb5 Kxg5 55. Kxa4 Kf4 56. Kb5 Rg5+ 57. Kc6 Rg6+ 58. Kd7 Ra6 59. Ke7 f6 60. a4 Ke5 61. b3 Ra7+ 62. Kd8 Kd6 63. Rb6+ Ke5 64. Kc8 Rf7 65. Rb4 Kd6 66. a5 Kc5 67. Rb6 1-0

[Event "Pardubice rapid op 35th"]
[Site "Pardubice"]
[Date "2024.07.17"]
[Round "2"]
[White "Vrana, Frantisek"]
[Black "Bures, Jaroslav"]
[Result "0-1"]
[WhiteElo "2126"]
[BlackElo "2418"]
[PlyCount "35"]
[EventDate "2024.07.17"]
[EventType "swiss (rapid)"]
[EventRounds "9"]
[EventCountry "CZE"]
[SourceTitle "CBM 221 Extra"]
[Source "ChessBase"]
[SourceDate "2024.09.30"]
[SourceVersion "1"]
[SourceVersionDate "2024.09.30"]
[SourceQuality "1"]

1. e4 c6 2. d4 d5 3. Nc3 dxe4 4. Nxe4 Bf5 5. Ng3 Bg6 6. Nh3 Nd7 7. Nf4 Ngf6 8. h4 e5 9. Nxg6 hxg6 10. Be3 Nd5 11. Bg5 Be7 12. c4 Bxg5 13. hxg5 Rxh1 14. Nxh1 Nf4 15. dxe5 Qxg5 16. Qd6 0-0-0 17. Rd1 Ne6 18. Ng3 0-1

[Event "Znojmo Rotunda op"]
[Site "Znojmo"]
[Date "2024.06.24"]
[Round "2"]
[White "Molik, Zdenek"]
[Black "Bures, Jaroslav"]
[Result "1/2-1/2"]
[WhiteElo "2131"]
[BlackElo "2418"]
[PlyCount "132"]
[EventDate "2024.06.23"]
[EventType "swiss"]
[EventRounds "9"]
[EventCountry "CZE"]
[SourceTitle "CBM 221 Extra"]
[Source "ChessBase"]
[SourceDate "2024.09.30"]
[SourceVersion "1"]
[SourceVersionDate "2024.09.30"]
[SourceQuality "1"]

1. e4 c5 2. Nf3 Nc6 3. c4 g6 4. d4 cxd4 5. Nxd4 Bg7 6. Nc2 d6 7. Be2 Be6 8. 0-0 Rc8 9. Ne3 Nf6 10. Nc3 0-0 11. Rb1 Nd7 12. Ncd5 Nc5 13. f3 a5 14. Bd2 Nd4 15. Qe1 a4 16. Bd1 Nd3 17. Qh4 Bxd5 18. Nxd5 Rxc4 19. Qxe7 Qxe7 20. Nxe7+ Kh8 21. Nd5 b5 22. g4 Nxb2 23. Ne3 Rcc8 24. Rxb2 Nxf3+ 25. Rxf3 Bxb2 26. Be2 Bd4 27. Bd3 Rb8 28. Bb4 Bc5 29. Bc3+ Kg8 30. Kf1 b4 31. Ba1 b3 32. axb3 Bxe3 33. Rxe3 Rxb3 34. Ke2 Ra3 35. Bf6 Ra2+ 36. Kf3 Rxh2 37. Kg3 Rd2 38. Bb5 Ra8 39. Ra3 Rc2 40. Kf3 h6 41. Rxa4 Rxa4 42. Bxa4 Ra2 43. Bc6 Ra3+ 44. Kf2 Ra7 45. Kf3 g5 46. Bd5 Kh7 47. Bd4 Ra3+ 48. Kg2 Kg6 49. Bb6 Ra6 50. Bd8 Ra7 51. Bb6 Re7 52. Kf3 h5 53. gxh5+ Kxh5 54. Kg3 Kg6 55. Kg4 f6 56. Bf2 Re5 57. Bg3 Rxd5 58. exd5 f5+ 59. Kf3 f4 60. Bxf4 gxf4 61. Kxf4 Kf6 62. Ke4 Kg5 63. Ke3 Kf5 64. Kf3 Ke5 65. Ke3 Kxd5 66. Kd3 Ke5 1/2-1/2

[Event "Znojmo Rotunda op"]
[Site "Znojmo"]
[Date "2024.06.23"]
[Round "1"]
[White "Bures, Jaroslav"]
[Black "Mayer, Josef"]
[Result "1-0"]
[WhiteElo "2418"]
[BlackElo "1927"]
[PlyCount "81"]
[EventDate "2024.06.23"]
[EventType "swiss"]
[EventRounds "9"]
[EventCountry "CZE"]
[SourceTitle "CBM 221 Extra"]
[Source "ChessBase"]
[SourceDate "2024.09.30"]
[SourceVersion "1"]
[SourceVersionDate "2024.09.30"]
[SourceQuality "1"]

1. e4 g6 2. d4 Bg7 3. Nc3 d6 4. h3 Nf6 5. Nf3 0-0 6. Bc4 Nc6 7. Be3 Nxe4 8. Nxe4 d5 9. Bd3 dxe4 10. Bxe4 Qd6 11. 0-0 Rd8 12. c3 Be6 13. Re1 Bd5 14. Bxd5 Qxd5 15. Bf4 Rac8 16. Qe2 Re8 17. b3 e6 18. Rad1 Qd7 19. Bg5 f6 20. Bh4 Rcd8 21. Rd3 Re7 22. Re3 Rde8 23. Qb5 Nd8 24. Qc4 Nc6 25. Bg3 Na5 26. Qb4 b6 27. Qa3 Bf8 28. Qb2 Nb7 29. Qe2 a5 30. Nd2 Bg7 31. Nc4 b5 32. Nd2 Nd6 33. Rd3 Nb7 34. Ne4 Qd5 35. Bh4 Kf7 36. Rf3 Kg8 37. Bxf6 Rf7 38. Bxg7 Kxg7 39. Rxf7+ Kxf7 40. Qf3+ Kg7 41. Nf6 1-0

[Event "CZE-chT 2324"]
[Site "Czech Republic"]
[Date "2024.04.07"]
[Round "11.5"]
[White "Simacek, Pavel"]
[Black "Bures, Jaroslav"]
[Result "1/2-1/2"]
[WhiteElo "2446"]
[BlackElo "2414"]
[PlyCount "40"]
[EventDate "2023.10.14"]
[EventType "team-tourn"]
[EventRounds "11"]
[EventCountry "CZE"]
[SourceTitle "EXT 2025"]
[Source "ChessBase"]
[SourceDate "2024.10.14"]
[SourceVersion "1"]
[SourceVersionDate "2024.10.14"]
[SourceQuality "1"]
[WhiteTeam "Turnov Zikuda"]
[BlackTeam "Kromeriz Slavia"]
[WhiteTeamCountry "CZE"]
[BlackTeamCountry "CZE"]

1. d4 d5 2. c4 c6 3. cxd5 cxd5 4. Nc3 Nf6 5. Bf4 Nc6 6. e3 Bg4 7. f3 Bd7 8. g4 e6 9. Bd3 Be7 10. Nge2 0-0 11. Kf2 Qb6 12. Qd2 Nb4 13. Bb1 Bb5 14. Ng3 a5 15. a3 Nc6 16. Qc2 Bc4 17. g5 Bb3 18. Qd3 Bc4 19. Qc2 Bb3 20. Qd3 Bc4 1/2-1/2

[Event "AUT-chT 2324"]
[Site "Austria"]
[Date "2024.03.24"]
[Round "11.5"]
[White "Bures, Jaroslav"]
[Black "Genser, Harald"]
[Result "1-0"]
[WhiteElo "2421"]
[BlackElo "2263"]
[PlyCount "133"]
[EventDate "2023.11.22"]
[EventType "team-tourn"]
[EventRounds "11"]
[EventCountry "AUT"]
[SourceTitle "CBM 219 Extra"]
[Source "ChessBase"]
[SourceDate "2024.05.31"]
[SourceVersion "1"]
[SourceVersionDate "2024.05.31"]
[SourceQuality "1"]
[WhiteTeam "Mistelbach"]
[BlackTeam "Maria Saal"]
[WhiteTeamCountry "AUT"]
[BlackTeamCountry "AUT"]

1. e4 e6 2. d4 d5 3. Nd2 c5 4. Ngf3 cxd4 5. Nxd4 Nc6 6. Bb5 Bd7 7. Nxc6 bxc6 8. Bd3 Qc7 9. Qe2 Bd6 10. Nf3 Ne7 11. e5 Bc5 12. h4 Nf5 13. h5 Nd4 14. Nxd4 Bxd4 15. f4 f5 16. g4 0-0 17. c3 Bc5 18. gxf5 exf5 19. Be3 Bxe3 20. Qxe3 Qb6 21. Qd2 Be6 22. 0-0-0 a5 23. Rdg1 Ra7 24. Rg5 Re7 25. Rhg1 Kh8 26. R1g3 Qa7 27. Qg2 Qc7 28. Qc2 Qd7 29. a3 c5 30. Qd2 Qc7 31. Bc2 Qa7 32. Kb1 Qc7 33. Qg2 Qa7 34. Qg1 Qc7 35. Rg2 Rd7 36. Rg6 Re7 37. Rd2 Qc8 38. Bb3 c4 39. Ba4 Qc7 40. Rh2 h6 41. Rhg2 Rd8 42. Rd2 Kh7 43. Ka1 Kh8 44. Bc2 Rf8 45. Rd4 Qc8 46. Bd1 Qc5 47. Bf3 Rb8 48. Rd2 Qxg1+ 49. Rxg1 Rb5 50. Rg6 Rc5 51. Kb1 Kh7 52. Kc1 Kh8 53. Rd4 Kh7 54. a4 Kh8 55. Rxe6 Rxe6 56. Bxd5 Re7 57. Bxc4 Kh7 58. Bd3 g6 59. Rd6 gxh5 60. Bxf5+ Kg7 61. Rg6+ Kf8 62. Be6 Rh7 63. Kd2 h4 64. Ke3 Rc6 65. Rg8+ Ke7 66. Bd5 Rb6 67. f5 1-0

[Event "CZE-chT 2324"]
[Site "Czech Republic"]
[Date "2024.02.11"]
[Round "8.6"]
[White "Bures, Jaroslav"]
[Black "Piesik, Piotr"]
[Result "1-0"]
[WhiteElo "2417"]
[BlackElo "2426"]
[PlyCount "127"]
[EventDate "2023.10.14"]
[EventType "team-tourn"]
[EventRounds "11"]
[EventCountry "CZE"]
[SourceTitle "EXT 2025"]
[Source "ChessBase"]
[SourceDate "2024.10.14"]
[SourceVersion "1"]
[SourceVersionDate "2024.10.14"]
[SourceQuality "1"]
[WhiteTeam "Kromeriz Slavia"]
[BlackTeam "Frydek Mistek"]
[WhiteTeamCountry "CZE"]
[BlackTeamCountry "CZE"]

1. e4 e6 2. d4 d5 3. Nd2 dxe4 4. Nxe4 Nd7 5. Nf3 Ngf6 6. Nxf6+ Nxf6 7. c3 Be7 8. Bd3 0-0 9. Qc2 b6 10. Be3 Bb7 11. 0-0-0 Qc8 12. Ng5 h6 13. h4 c5 14. Nh7 Rd8 15. Nxf6+ Bxf6 16. dxc5 bxc5 17. Bh7+ Kh8 18. Rxd8+ Qxd8 19. Be4 Qb6 20. Bxb7 Qxb7 21. f3 Rb8 22. Rd1 Qa6 23. a3 Qc4 24. g4 Be5 25. b3 Qa6 26. Bxc5 Bf6 27. g5 hxg5 28. hxg5 Bxg5+ 29. Kb2 Kg8 30. Rh1 Bh6 31. Bd4 Qd6 32. Rh5 Rc8 33. Qg2 Qf4 34. b4 a6 35. Kb3 Qc1 36. Qc2 Qf1 37. Bf2 Qc4+ 38. Kb2 Qf1 39. f4 Qg2 40. Rc5 Ra8 41. Be3 Qg3 42. Qd2 Qh4 43. Rc6 e5 44. fxe5 Qe4 45. Rxh6 gxh6 46. Bxh6 Kh7 47. Qh2 Rh8 48. Be3+ Kg7 49. Qg1+ Kf8 50. Bd4 Qh1 51. Qxh1 Rxh1 52. a4 Ke7 53. b5 axb5 54. axb5 Ke6 55. c4 Rh3 56. Bc3 Kf5 57. c5 Ke6 58. c6 Kd5 59. c7 Rh8 60. e6 Rc8 61. exf7 Kd6 62. b6 Kc6 63. Bd4 Rf8 64. Bg7 1-0

[Event "CZE-chT1E 2324"]
[Site "Czech Republic"]
[Date "2024.02.04"]
[Round "7.2"]
[White "Bures, Jaroslav"]
[Black "Zpevak, Pavel"]
[Result "1/2-1/2"]
[WhiteElo "2417"]
[BlackElo "2314"]
[PlyCount "48"]
[EventDate "2023.10.22"]
[EventType "team-tourn"]
[EventRounds "11"]
[EventCountry "CZE"]
[SourceTitle "EXT 2025"]
[Source "ChessBase"]
[SourceDate "2024.10.14"]
[SourceVersion "1"]
[SourceVersionDate "2024.10.14"]
[SourceQuality "1"]
[WhiteTeam "Jundrov Jezdci"]
[BlackTeam "Vlcnov"]
[WhiteTeamCountry "CZE"]
[BlackTeamCountry "CZE"]

1. e4 c5 2. Nf3 e6 3. d4 cxd4 4. Nxd4 a6 5. Nc3 Qc7 6. Bd3 Nc6 7. Nxc6 dxc6 8. f4 e5 9. Qf3 Bd6 10. f5 b5 11. Be3 Bb7 12. a4 Nf6 13. g4 h6 14. h4 h5 15. gxh5 Nxh5 16. Rg1 Be7 17. Bf2 Qa5 18. Kd2 Qd8 19. axb5 axb5 20. Rxa8 Qxa8 21. Qh1 Qd8 22. Kc1 Nf4 23. Rxg7 Nxd3+ 24. cxd3 Qxd3 1/2-1/2